000 00287nam a22001337a 4500
008 171018b xxu||||| |||| 00| 0 eng d
020 _a9780875843025
041 _aeng
080 _a338
100 _a53
101 _aMEN
245 _aBECOMING A MANAGER
_cHILL,.L.A
942 _2udc
_cBK
999 _c34573
_d34573